| 000 | 01420nam a2200349 i 4500 | ||
|---|---|---|---|
| 003 | DO-SdBNP | ||
| 005 | 20230919094902.0 | ||
| 007 | ta | ||
| 008 | 110413s2023 dr o 000 j spa d | ||
| 020 | _a9789945639056 | ||
| 020 | _a9789945639063 | ||
| 040 |
_aDO-SdBNP _bspa _cBNPHU _erda |
||
| 082 |
_bS237 _222 |
||
| 100 | 1 |
_aSantos Báez, Héctor Julio _984162 |
|
| 245 | 1 | 0 |
_aCatalogo aves del parque zoológico Nacional : _barq. Manuel Valverde Podestá / _cHéctor Julio Santos Baéz, José guillermo De la Rosa, Mayeli Jaime de Aza ; fotografías Michael García, Bayoan Freites ; presentación Nurys González Durán, ángel Castillo |
| 246 | 1 |
_aAves : _bdel parque zoológico Nacional arq. Manuel Valverde Podestá / |
|
| 264 | 1 |
_aSanto Domingo : _bISFODOSU, _bUniversidad ISA _c2023. |
|
| 300 |
_a105 páginas _c21 cm. _bfotografías |
||
| 336 |
_2rdacontent _atexto _btxt |
||
| 337 |
_2rdamedia _asin mediación _bn |
||
| 338 |
_2rdacarrier _avolumen _bnc |
||
| 490 | 1 | _aCatálogo | |
| 504 | _aBibliografía p: 103-105 | ||
| 590 | _aInventariado, 2023/ YL | ||
| 700 | 1 | 2 |
_aDe la Rosa, josé Guillermo _eautor. _984163 |
| 700 | 1 | 2 |
_aDe Aza, Mayeli Jaime _eautor. _984164 |
| 700 | 1 | 2 |
_aGarcía, Michael _efotografías _943159 |
| 700 | 1 | 2 |
_aFreites, Bayoan _efotografías _963300 |
| 710 | _aInstituto Superior de Formación Docente Salomé Ureña (ISFODOSU) | ||
| 910 | _aYLockward | ||
| 942 |
_2ddc _cLBS1 |
||
| 999 |
_c54810 _d54810 |
||